[Event "EU-ch U16"]
[White "Abbasli, Javid Vidadi Oglu"]
[Black "Tilicheev, Viacheslav"]
[Site "Batumi"]
[Round "1"]
[Result "0-1"]
[Date "2010.09.20"]
[WhiteElo "2092"]
[BlackElo "2343"]
[PlyCount "42"]
[EventDate "2010.09.20"]
[EventType "swiss"]
[EventRounds "9"]
[EventCountry "GEO"]
[SourceTitle "CBM 138 Extra"]
[Source "ChessBase"]
[SourceDate "2010.10.29"]
[SourceVersion "1"]
[SourceVersionDate "2010.10.29"]
[SourceQuality "1"]

1. e4 c5 2. Nf3 d6 3. d4 cxd4 4. Nxd4 Nf6 5. Nc3 Nc6 6. Be3 Ng4 7. Bg5 h6 8. Bh4 g5 9. Bg3 Bg7 10. Nf5 Bxf5 11. exf5 Qa5 12. Qf3 Nd4 13. Qxg4 Nxc2+ 14. Kd2 Bxc3+ 15. bxc3 Nxa1 16. Bc4 Qb6 17. Qd4 Qb2+ 18. Kd3 0-0 19. h4 b5 20. Bd5 Rac8 21. Bxd6 Qc2+ 0-1